LEADER 02540nam 2200565 450 001 9910788731403321 005 20170816143318.0 010 $a1-4704-0182-7 035 $a(CKB)3360000000464781 035 $a(EBL)3113764 035 $a(SSID)ssj0000888862 035 $a(PQKBManifestationID)11932378 035 $a(PQKBTitleCode)TC0000888862 035 $a(PQKBWorkID)10866244 035 $a(PQKB)10162293 035 $a(MiAaPQ)EBC3113764 035 $a(RPAM)692475 035 $a(PPN)195414799 035 $a(EXLCZ)993360000000464781 100 $a20140902h19971997 uy 0 101 0 $aeng 135 $aur|n|---||||| 181 $ctxt 182 $cc 183 $acr 200 10$aCR-geometry and deformations of isolated singularities /$fRagnar-Olaf Buchweitz, John J. Millson 210 1$aProvidence, Rhode Island :$cAmerican Mathematical Society,$d1997. 210 4$d©1997 215 $a1 online resource (111 p.) 225 1 $aMemoirs of the American Mathematical Society,$x0065-9266 ;$vVolume 125, Number 597 300 $a"January 1997, Volume 125, Number 597 (third of 5 numbers)." 311 $a0-8218-0541-X 320 $aIncludes bibliographical references (p. 95-96). 327 $a""Contents""; ""0. Introduction""; ""1. Controlling Differential Graded Lie Algebras""; ""2. Vector-Valued Differential Forms on Complex Manifolds""; ""3. Kuranishi's CR Deformation Theory""; ""4. The Global Tangent Complex of a Complex Analytic Space""; ""5. The Local Tangent Complex Controls the Flat Deformations of an Analytic Local Ring""; ""6. The Global Tangent Complex Controls the Flat Deformations of a Complex Analytic Space""; ""7. The Comparison of the Tangent Complex and the Kodaira-Spencer Algebra of a Complex Manifold""; ""8. The Akahori Complexes"" 327 $a""9. A Controlling Differential Graded Lie Algebra for Kuranishi's CR-deformation Theory""""10. Counterexamples""; ""References"" 410 0$aMemoirs of the American Mathematical Society ;$vVolume 125, Number 597. 606 $aCR submanifolds 606 $aDeformations of singularities 615 0$aCR submanifolds. 615 0$aDeformations of singularities. 676 $a516.3/6 700 $aBuchweitz$b Ragnar-Olaf$f1952-$01580665 702 $aMillson$b John J$g(John James),$f1946- 801 0$bMiAaPQ 801 1$bMiAaPQ 801 2$bMiAaPQ 906 $aBOOK 912 $a9910788731403321 996 $aCR-geometry and deformations of isolated singularities$93861755 997 $aUNINA LEADER 02323nas 2200637-a 450 001 996212637503316 005 20240413013510.0 035 $a(DE-599)ZDB2496277-6 035 $a(CKB)1000000000290073 035 $a(CONSER)--2009214525 035 $a(EXLCZ)991000000000290073 100 $a20020328a20019999 --- - 101 0 $acze 181 $ctxt$2rdacontent 182 $cc$2rdamedia 183 $acr$2rdacarrier 200 00$aStudia Rudolphina $ebulletin Centra pro výzkum um?ní a kultury doby Rudolfa II = Bulletin of the Research Center for Visual Arts and Culture in the Age of Rudolf II 210 $aPraha $cArtefactum $cÚstav d?jin um?ní, Akademie v?d ?eské republiky$d2001- 215 $a1 online resource 300 $aRefereed/Peer-reviewed 311 08$aPrint version: Studia Rudolphina : 1213-5372 (DLC) 2009214525 (OCoLC)51486147 517 1 $aBulletin Centra pro výzkum um?ní a kultury doby Rudolfa II 517 1 $aBulletin of the Research Center for Visual Arts and Culture in the Age of Rudolf II 606 $aMannerism (Art)$zCzech Republic$zPrague$vPeriodicals 606 $aManiérisme (Art)$zRépublique tchèque$zPrague$vPériodiques 606 $aArt patronage$2fast$3(OCoLC)fst00815756 606 $aIntellectual life$2fast$3(OCoLC)fst00975769 606 $aMannerism (Art)$2fast$3(OCoLC)fst01007809 606 $aGeistesleben$2gnd 606 $aKunst$2gnd 607 $aPrague (Czech Republic)$xIntellectual life$vPeriodicals 607 $aCzech Republic$zPrague$2fast 608 $aZeitschrift. 608 $aperiodicals.$2aat 608 $aPeriodicals.$2fast 608 $aPeriodicals.$2lcgft 608 $aPériodiques.$2rvmgf 615 0$aMannerism (Art) 615 6$aManiérisme (Art) 615 7$aArt patronage. 615 7$aIntellectual life. 615 7$aMannerism (Art) 615 7$aGeistesleben 615 7$aKunst 676 $a705 S9326 686 $a700$2sdnb 686 $a910$2sdnb 686 $a940$2sdnb 686 $a7,41$a9,10$2ssgn 686 $a700$a910$a940$a470$a370$2zdbs 712 02$aCentrum pro výzkum um?ní a kultury doby Rudolfa II. 906 $aJOURNAL 912 $a996212637503316 920 $aexl_impl conversion 996 $aStudia Rudolphina$92106304 997 $aUNISA